Cricket Bowlers with over 500 Test Wickets - Statistics

General Stats
  • This quiz has been taken 29 times
    15 since last reset
  • The average score is 7 of 7
Answer Stats
Country No. of Wickets Bowler % Correct
England 589 James Anderson
100%
Australia 708 Shane Warne
100%
Australia 563 Glenn McGrath
93%
Sri Lanka 800 Muttiah Muralitharan
93%
England 501 Stuart Broad
93%
India 619 Anil Kumble
87%
West Indies 519 Courtney Walsh
87%
No matching quizzes found
Score Distribution
Percent of People with Each Score
Percentile by Number Answered
Your Score History
You have not taken this quiz since the last reset